Essential writing for IELTS /

Gồm 18 bài học luyện viết cơ bản được biên soạn cho học viên IELTS ở cấp độ trung cấp

Guardado en:
Detalles Bibliográficos
Autor principal: Min, Hu
Otros Autores: A Gordon, John (ch.b), Lê, Huy Lâm (Chuyển ngữ phần chú giải)
Formato: Libro
Lenguaje:English
Publicado: Tp. Hồ Chí Minh : Nxb Tp. Hồ Chí Minh, Công ty Nhân Trí Việt, 2010.
Materias:
Etiquetas: Agregar Etiqueta
Sin Etiquetas, Sea el primero en etiquetar este registro!
Thư viện lưu trữ: Mạng thư viện Đại học Đà Nẵng
LEADER 01357nam a22003491a 4500
001 000034099
003 10291
005 20210402103909.0
008 151027s2010 000 eng
020 # # |c 88000đ  |a 9786048556617  |d 2000b 
040 # # |a lnn  |c lnn  |d lnn 
041 0 # |a eng 
082 0 4 |a 428  |b Es-S 
100 1 # |a Min, Hu 
245 0 0 |a Essential writing for IELTS /  |c Hu Min, John Agordon: chủ biên; Lê Huy Lâm: Chuyển ngữ phần chú giải. 
260 # # |a Tp. Hồ Chí Minh :  |b Nxb Tp. Hồ Chí Minh, Công ty Nhân Trí Việt,  |c 2010. 
300 # # |a 195tr. :  |b hình vẽ ;  |c 26cm. 
520 3 # |a Gồm 18 bài học luyện viết cơ bản được biên soạn cho học viên IELTS ở cấp độ trung cấp 
650 0 4 |a Tiếng Anh 
650 0 4 |a Kĩ năng viết 
650 0 4 |a IELTS 
700 1 # |a A Gordon, John  |e ch.b 
700 1 # |a Lê, Huy Lâm  |e Chuyển ngữ phần chú giải 
OWN |a LNN 
902 # # |a TKA 
AVA |a UDN50  |b LNN  |c English  |d 420.8 HU-M  |e available  |t Error 5001 Not defined in file expand_doc_bib_avail.  |f 1  |g 0  |h N  |i 1  |j AN  |k 1 
999 |a From the UDN01 
AVA |a UDN50  |b LNN  |c English  |d 420.8 HU-M  |e available  |t Error 5001 Not defined in file expand_doc_bib_avail.  |f 1  |g 0  |h N  |i 1  |j AN  |k 1 
TYP |a Monograph 
980 |a Mạng thư viện Đại học Đà Nẵng